Normal view
MARC view
- SOLAR ENERGY-TECHNOLOGY SOLAR ENERGY-PAPER
Entry Topical Term
001 - CONTROL NUMBER
- control field: 77301
003 - CONTROL NUMBER IDENTIFIER
- control field: NUST
005 - DATE AND TIME OF LATEST TRANSACTION
- control field: 20210628205849.0
008 - FIXED-LENGTH DATA ELEMENTS
- fixed length control field: 210628|| aca||aabn | a|a d
040 ## - CATALOGING SOURCE
- Original cataloging agency: NUST
- Transcribing agency: NUST
150 ## - HEADING--TOPICAL TERM
- Topical term or geographic name entry element: SOLAR ENERGY-TECHNOLOGY SOLAR ENERGY-PAPER
670 ## - SOURCE DATA FOUND
- Source citation: Work cat.: (NUST): Tabor, Harry.Zvi Prince, Morton.B 77300, Solar energy pioneer with explanatory notes by the author selected reprints of papers by harry zvi tabor, 1999
